LIBRARY ONLINE CATALOGUE

Africa's international rivers (Record no. 17221)

MARC details
000 -LEADER
fixed length control field 00622nam a22001937a 4500
008 - FIXED-LENGTH DATA ELEMENTS--GENERAL INFORMATION
fixed length control field 180925b xxu||||| |||| 00| 0 eng d
020 ## - INTERNATIONAL STANDARD BOOK NUMBER
International Standard Book Number 0821353543
040 ## - CATALOGING SOURCE
Original cataloging agency KABU
Transcribing agency KABU
050 ## - LIBRARY OF CONGRESS CALL NUMBER
Classification number HD1699
Item number .A1S23 2002 c. 1
100 ## - MAIN ENTRY--PERSONAL NAME
Personal name Sadoff, Claudia W.
245 ## - TITLE STATEMENT
Title Africa's international rivers
Remainder of title an economic perspective
Statement of responsibility, etc. Claudia W. Sadoff
260 ## - PUBLICATION, DISTRIBUTION, ETC. (IMPRINT)
Place of publication, distribution, etc. Washington, D.C.
Name of publisher, distributor, etc. The World Bank
Date of publication, distribution, etc. 2002
300 ## - PHYSICAL DESCRIPTION
Extent x, 81 p.
650 ## - SUBJECT ADDED ENTRY--TOPICAL TERM
Topical term or geographic name as entry element Water resources development
Geographic subdivision Africa
650 ## - SUBJECT ADDED ENTRY--TOPICAL TERM
Topical term or geographic name as entry element Rivers
General subdivision Economic aspects
Geographic subdivision Africa
650 ## - SUBJECT ADDED ENTRY--TOPICAL TERM
Topical term or geographic name as entry element International rivers
Geographic subdivision Africa
700 ## - ADDED ENTRY--PERSONAL NAME
Personal name Grey, David
942 ## - ADDED ENTRY ELEMENTS (KOHA)
Source of classification or shelving scheme Library of Congress Classification
Koha item type General Collection
Classification part HD1699
Holdings
Withdrawn status Lost status Source of classification or shelving scheme Not for loan Home library Current library Shelving location Date acquired Cost, normal purchase price Total Checkouts Full call number Barcode Date last seen Copy number Price effective from Koha item type
    Library of Congress Classification   Kabarak, Main Campus Kabarak, Main Campus General Stacks 25/09/2018 1856.00   HD1699 .A1S23 2002 c. 1 022155 02/08/2024 c. 1 25/09/2018 General Collection
    Library of Congress Classification   Kabarak, Main Campus Kabarak, Main Campus General Stacks 25/09/2018 1856.00   HD1699 .A1S23 2002 c. 2 022156 02/08/2024 c. 2 25/09/2018 General Collection
    Library of Congress Classification   Kabarak, Main Campus Kabarak, Main Campus General Stacks 25/09/2018 1856.00   HD1699 .A1S23 2002 c. 3 022157 02/08/2024 c. 3 25/09/2018 General Collection